[Event "CZE-chT rap"]
[Site "Pardubice"]
[Date "2015.07.16"]
[Round "1.4"]
[White "Halusic, Jaroslav"]
[Black "Hosek, Milan"]
[Result "0-1"]
[WhiteElo "1557"]
[BlackElo "2274"]
[PlyCount "72"]
[EventDate "2015.07.16"]
[EventType "team-swiss"]
[EventRounds "7"]
[EventCountry "CZE"]
[SourceTitle "CBM 167 Extra"]
[Source "ChessBase"]
[SourceDate "2015.09.14"]
[SourceVersion "1"]
[SourceVersionDate "2015.09.14"]
[SourceQuality "1"]

1. e4 c6 2. c3 d5 3. exd5 cxd5 4. d4 Nc6 5. Bb5 Nf6 6. Nf3 e6 7. Ne5 Bd7 8. Nxd7 Qxd7 9. 0-0 Bd6 10. Re1 0-0-0 11. Bg5 Kb8 12. Nd2 Qc7 13. Nf3 h6 14. Bxf6 gxf6 15. Qb3 Rhg8 16. a4 Rc8 17. Bxc6 Qxc6 18. Qb5 Qc7 19. Rec1 Rg6 20. a5 Rcg8 21. g3 Bxg3 22. fxg3 Rxg3+ 23. Kf2 Rg2+ 24. Ke3 f5 25. Rg1 f4+ 26. Kd3 f6 27. Rxg2 Qh7+ 28. Ke2 Qe4+ 29. Kf2 Qe3+ 30. Kf1 Qxf3+ 31. Rf2 Qh1+ 32. Ke2 Qxa1 33. Rxf4 a6 34. Qb4 Qc1 35. Rxf6 Rg2+ 36. Rf2 Qc2+ 0-1

[Event "SVK-chT2B 1314"]
[Site "Slovakia"]
[Date "2013.11.24"]
[Round "4.8"]
[White "Halusic, Jaroslav"]
[Black "Arendas, Roman"]
[Result "1-0"]
[WhiteElo "1559"]
[BlackElo "1604"]
[PlyCount "43"]
[EventDate "2013.10.19"]
[EventType "team-tourn"]
[EventRounds "11"]
[EventCountry "SVK"]
[SourceTitle "EXT 2015"]
[Source "ChessBase"]
[SourceDate "2014.11.20"]
[SourceVersion "1"]
[SourceVersionDate "2014.11.20"]
[SourceQuality "1"]
[WhiteTeam "Trencin II"]
[BlackTeam "Batorove Kosihy"]
[WhiteTeamCountry "SVK"]
[BlackTeamCountry "SVK"]

1. e4 e5 2. Nf3 Nc6 3. d4 exd4 4. Nxd4 Nf6 5. Nc3 Bc5 6. Nb3 Bb6 7. Bd3 0-0 8. Qe2 h6 9. g4 d6 10. g5 hxg5 11. Bxg5 Bd7 12. 0-0-0 Re8 13. Rdg1 Nd4 14. Nxd4 Bxd4 15. Nd5 c6 16. Nf4 Be5 17. Nh5 Qe7 18. f4 Bd4 19. Rg2 Bh3 20. Rg3 Be6 21. c3 Bb6 22. Bxf6 1-0